Administración pública nacional, fuerzas armadas y la incompatibilidad establecida por el decreto Nº 894/2001 (Registro nro. 24145)
[ vista simple ]
| 000 -LEADER | |
|---|---|
| fixed length control field | 00433 a2200121 4500 |
| 001 - CONTROL NUMBER | |
| control field | ART_40025 |
| 005 - DATE AND TIME OF LATEST TRANSACTION | |
| control field | 20260410161841.0 |
| 008 - FIXED-LENGTH DATA ELEMENTS--GENERAL INFORMATION | |
| fixed length control field | 260409a |
| 100 1# - MAIN ENTRY--PERSONAL NAME | |
| Personal name | Furia de Torres, Lilian Alicia G. |
| 245 10 - TITLE STATEMENT | |
| Title | Administración pública nacional, fuerzas armadas y la incompatibilidad establecida por el decreto Nº 894/2001 |
| 700 1# - ADDED ENTRY--PERSONAL NAME | |
| Personal name | Torres, Ismael F. |
| 773 0# - HOST ITEM ENTRY | |
| Title | RAP |
| Related parts | - Año 23, Nº 276 (sep. 2001) |
| Record control number | REV5941 |
No hay ítems disponibles.